000
00271nam a22001097a 4500
008
240710b |||||||| |||| 00| 0 eng d
100
_a
Manohar, Das Kodomal
_9
16803
245
_a
Chashtichita
260
_a
Bombay:
_b
Lok Sewa Manadal;
_c
1965.
300
_a
80p.
942
_c
BK
999
_c
39929
_d
39929